Central Library, Doon University
WEBOPAC (ONLINE PUBLIC ACCESS CATALOGUE)

Can Japan Globalize (Record no. 60548)

MARC details
000 -LEADER
fixed length control field 00566nam a22001817a 4500
005 - DATE & TIME
control field 20260318123442.0
008 - FIXED-LENGTH DATA ELEMENTS--GENERAL INFORMATION
fixed length control field 260318b |||||||| |||| 00| 0 eng d
020 ## - ISBN
International Standard Book Number 9783790813814
Price 10489.95
040 ## - CATALOGING SOURCE
Original cataloging agency Doon University
041 ## - Language
Language Japanese
082 ## - DDC NUMBER
Classification number 337.520952
Book Number CAN
100 ## - MAIN ENTRY--PERSONAL NAME
Personal name Holzhausen, Arne (ed)
245 ## - TITLE STATEMENT
Title Can Japan Globalize
Sub Title : Studies on Japan's Changing Political Economy and the Proses of Globalization in Honour of Sung jo Park
260 ## - PUBLICATION, DISTRIBUTION, ETC. (IMPRINT)
Place of publication, distribution, etc New York
Name of publisher, distributor, etc Physica Verlag
Date of publication, distribution, etc 2001
300 ## - PHYSICAL DESCRIPTION
Pages 468
650 ## - Subject
Subject Japanese Language
942 ## - ADDED ENTRY ELEMENTS (KOHA)
Koha item type Books
100 ## - MAIN ENTRY--PERSONAL NAME
-- 26524
952 ## - LOCATION AND ITEM INFORMATION (KOHA)
-- 2026-03-18
Holdings
Withdrawn status Lost status Source of classification or shelving scheme Damaged status Not for loan Location (home branch) Sublocation or collection (holding branch) Date acquired Koha issues (times borrowed) Koha full call number Accession No. Koha date last seen Koha item type
          Doon University Doon University 18.03.2026   337.520952 CAN 53507 18.03.2026 Books
Contact : +91-135-2533126 (Library),+91-135-2533105 (Admin Office) , Email : doonlibrary@gmail.com

Powered by Koha